000
00200 a2200097 4500
001
49467
100
_a
Dicken
245
_a
David Capper field
260
_a
London
_b
Collins
_c
090
_c
31998
_d
31998
942
_a
NUST-CAE
_c
M
_c
24444
999
_c
284540
_d
284540